000 01249cam a2200229 4500
001 ABS66992
008 030902n2003 000 0 eng u
035 _a(Sirsi) u123453
245 _aLandlord accreditation schemes - a better way of working with landlords
260 _c2003
490 _aLetting Update Journal
_v11(2) July 2003, 20-28(3)
520 _aLooks at the rapid development of local landlord accreditation schemes (over 100 local authorities run them), which are seen by many as a fresh way of encouraging better quality private rented housing and providing an alternative to regulation and enforcement. Describes what accreditation schemes are, the requirements for and benefits of accreditation, the role of local authorities and professional bodies, the National Accreditation Network UK and the National Approved Letting Scheme (NALS) and evaluates the alternatives of regulation and licensing. Gives sources of further information.
590 _aABS
650 _aNATIONAL APPROVED LETTING SCHEME
650 _aACCREDITATION
650 _aNATIONAL ACCREDITATION NETWORK UK
650 _aACCREDITATION SCHEMES
650 _aLANDLORDS
650 _aLICENSING
690 _aHOUSING-PRIVATE RENTED SECTOR
942 _n0
999 _c73324
_d73324